Brusno

Zobrazenie:

Bibliographic Details
Other Authors: Rudnický, Viliam, 1947- (Photographer)
Format: Photo
Language:Slovak
PhysicalDescription:1 pohľadnica (4 čiastkové pohľady) farebná 11 x 15 cm
Published: Bratislava ČSTK-Pressfoto 1990
Subjects:

MARC

LEADER 00000ckm a2200000 a 4500
001 vtls001206404
003 SK-MaSNL
005 20260331202644.0
007 kf co
008 180703s1990 xo g 0kuslo
015 |a SNBG1990 
035 |a SNK000149474 
040 |a SNK  |b slo  |c SNK  |e AACR2 
041 0 |a slo 
043 |a e-xo--- 
044 |a xo  |c SK 
072 7 |a 913  |x Regionálna geografia  |2 konspekt 
080 |a 913(437.6)  |2 2011 
080 |a 908(437.6)  |2 2011 
080 |a (084.121)  |2 2011 
100 1 |a Rudnický, Viliam,  |d 1947-  |4 pht  |9 92815 
245 1 0 |a Brusno  |h grafika  |c foto: V. Rudnický ; grafický návrh: K. Izakovič 
246 1 |i Názov na adresnej časti:  |a Liečebný dom Poľana 
246 1 |i Názov na adresnej časti:  |a Park 
246 1 |i Názov na adresnej časti:  |a Recepcia v Poľane 
246 1 |i Názov na adresnej časti:  |a Interiér pitného pavilónu 
260 |a Bratislava  |b ČSTK-Pressfoto  |c 1990  |e Skalica  |f Grafobal 
300 |a 1 pohľadnica (4 čiastkové pohľady)  |b farebná  |c 11 x 15 cm 
500 |a Názvové údaje prevzaté z obrazovej časti pohľadnice 
520 8 |a Zobrazenie: 
651 7 |a Brusno (Slovensko)  |2 SNKPHgeo  |9 28950 
655 7 |a geografické pohľadnice  |2 SNKPH  |9 70522 
655 7 |a miestne pohľadnice  |2 SNKPH  |9 70510 
700 1 |a Izakovič, K.  |c (grafik)  |4 art  |9 179239 
958 |a GBN 
958 |a GC 
958 |a OND 
999 |c 611981  |d 613911 
952 |a SNK  |b SNK  |y PREZ  |7 0  |p 17A1284437  |o snkSP 142194  |i snk1875/90  |0 0  |1 0  |4 0  |d 2021-08-19  |l 0  |r 2026-02-23 16:26:49  |w 2026-02-23 
952 |a SNK  |b SNK  |y PREZ  |7 0  |p 17A1284436  |o snkSP 142194 D1  |i snk1876/90  |0 0  |1 0  |4 0  |d 2021-08-19  |l 0  |r 2026-02-23 16:26:49  |w 2026-02-23